000 00892pam a2200265 a 4500
001 2968
005 20250815122735.0
020 _a0590486209
040 _aDLC
_cDLC
_dDLC
_beng
050 0 0 _aPZ7.M8544
082 0 0 _a813.54
100 1 _aMost, Bernard
245 1 4 _aThe cow that went oink /
_cwritten and illustrated by Bernard Most.
250 _aFirst Scholastic printing , June 1994
260 _aNew York :
_bScholastic ,
_c1990
300 _a33 unnumbered pages :
_bcolor illustrations ;
_c21 cm .
505 _aE
520 _aA cow that oinks and a pig that moos are ridiculed by the other barnyard animals until each teaches the other a new sound.
521 _a270
_bLexile
521 _aE
_bRaz-Plus
650 1 _aAnimal sounds
_xFiction.
650 1 _aDomestic animals
_xFiction.
906 _a7
_bcbc
_corignew
_d1
_eocip
_f19
_gy-gencatlg
942 _2ddc
_cBK
_n0
999 _c2968
_d2968